000 00249nam a2200109Ia 4500
008 200302s9999 xx 000 0 und d
100 _aAtul deulgaonkar
245 _aLaurie Baker
260 _bMilind L. Paranjape
260 _c2016
300 _a196 P.,
999 _c4221
_d4221